| 000 | 00805nam a22002055i 4500 | ||
|---|---|---|---|
| 001 | 155128 | ||
| 003 | ES-MaACL | ||
| 005 | 20231228063234.0 | ||
| 008 | 981111s1876 sp |||| | spa d | ||
| 040 |
_aAS _bspa _cAS |
||
| 100 | 1 |
_aHartzenbusch, Juan Eugenio, _d1806-1880 _962011 |
|
| 245 | 1 | 0 | _aObras escogidas de J. E. Hartzenbusch. |
| 250 | _aEd. que contiene las corr. hechas ultimamente por el autor. | ||
| 260 |
_aParis : _bLib. Europea de Bandry : _bM\pme\s Dramard-Bandry, Suc., _c1876 ( _fImp. de Arnons de Rivière y C\pia\s) |
||
| 300 |
_aXVI, 462 p. ; _c23 cm. |
||
| 490 | 1 |
_aColección de los mejores autores españoles ; _v49 |
|
| 830 | 0 |
_aColección de los mejores autores españoles ; _v49 _9186767 |
|
| 852 |
_aES-MaACL _jB-1565 _z-- Enc. hol. |
||
| 999 |
_c155128 _d155128 |
||